Nazwy walut w danym kraju - Statystyki

Ogólne statystyki
  • Ten quiz został rozwiązany 1 097 razy
  • Średni wynik to 8 z 15
Statystyki odpowiedzi
W Odpowiedź % Poprawnych
Niemcy Euro
100%
Włochy euro
100%
Polska Złoty
98%
Rosja rubel
77%
USA Dolar amerykański
75%
Japonia jen
60%
Wielka Brytania funt brytyjski
56%
Australia dolar australijski
54%
Chorwacja kuna
53%
Ukraina hrywna
51%
Kuba peso
46%
Wenezuela boliwar
22%
Brazylia real
16%
Kazachstan tenge
5%
Azarbejdżan manat
4%
Nie znaleziono quizów pasujących do podanych kryteriów
Rozkład punktacji
Procent ludzi z każdym wynikiem
Percentyl według liczby udzielonych odpowiedzi
Twoja historia wyników
Nie rozwiązałeś tego quizu